| 000 | 00640nam a2200193 i 4500 | ||
|---|---|---|---|
| 001 | 51927 | ||
| 003 | ES-MaACL | ||
| 005 | 20250828062534.0 | ||
| 007 | t| | ||
| 008 | 030821s1955 fr ||||1| spa d | ||
| 110 | 2 |
_aUnesco. _96999 |
|
| 245 | 1 | 0 |
_aDatos y cifras: _banalfabetismo, educación, bibliotecas, museos, libros, periódicos, papel de periódico, cine, radio y televisión. |
| 260 |
_a[Paris] : _bUnesco, _c1955 ( _fImp. Chaix) |
||
| 300 |
_a94 p. ; _c24 cm. |
||
| 650 | 7 |
_aEducación _2embne _912073 |
|
| 650 | 0 | 7 |
_aMedios de comunicación social _2embne _914961 |
| 852 |
_aES-MaACL _jC-25819 |
||
| 999 |
_c51927 _d51927 |
||